Katzenarten erraten - Statistiken

Allgemein
  • Dieses Quiz wurde 130 mal gespielt
  • Das Durchschnittsergebnis liegt bei 5 aus 10
Antwortstatistiken
Hinweis Antwort % Korrekt
Der König der Tiere und die einzige in Rudeln lebende Großkatze Löwe
99%
Mit Spitzengeschwindigkeiten von über 100 km/h das schnellste Landtier der Welt Gepard
83%
Großkatze, die ihre Beute oft auf Bäume schleppt, um sie vor Hyänen zu sichern Leopard
67%
Name von vier Kleinkatzenarten mit charakteristischen Pinselohren Luchs
66%
Einzige in Amerika lebende Großkatze, die sogar Kaimane erlegt Jaguar
58%
Größte Art der Kleinkatzen, kommt in verschiedenen Lebensräumen in ganz Amerika vor Puma
56%
Im Himalaja lebende Großkatze, die bis zu 15 Meter weit springen kann Schneeleopard
49%
Größte Tiger-Unterart und größte Katze der Welt Sibirischer Tiger
42%
Häufig schwimmende Kleinkatze, die sich hauptsächlich von Fischen und Krabben ernährt Fischkatze
14%
In Ost- und Südostasien lebende Kleinkatze, die Affen und Wildschweine erlegt Nebelparder
13%
Keine übereinstimmenden Quizze gefunden
Verteilung der Resultate
Anzahl Personen mit jedem Resultat
Perzentil nach korrekt beantworteten Fragen
Ihre Resultats-Entwicklung
Sie haben dieses Quiz noch nicht gespielt